000 00357nam a2200169Ia 4500
008 210210b1907 xxu||||| |||| 00| 0 eng d
041 _aeng
082 _a828/341
100 _aJULEVILLE (L P De)
245 _aJoan of arc
260 _aLondon
_b-
_c1907
650 _aof
650 _aJoan
650 _aarc
690 _aBiography
906 _a016186
999 _c135596
_d135596